Сравнительное изучение действия противотурбулентных присадок для углеводородных жидкостей; Краткие сообщения по физике Физического института им. П. Н. Лебедева Российской Академии Наук; Т. 42, № 12

Bibliographische Detailangaben
Parent link:Краткие сообщения по физике Физического института им. П. Н. Лебедева Российской Академии Наук.— , 1969-
Т. 42, № 12.— 2015.— [С. 36-42]
Weitere Verfasser: Коновалов К. Б. Константин Борисович, Абдусалямов М. В. Артем Вячеславович, Манжай В. Н. Владимир Николаевич, Трутнев Ю. А. Юрий Александрович, Сачков В. И. Виктор Иванович, Казарян М. А. Мишик Айразатович
Zusammenfassung:Заглавие с экрана
Проведены гидродинамические и физико-химические исследования нефтерастворимых образцов противотурбулентных присадок коллоидной формы. Установлен компонентный состав дисперсионной среды и содержание активного компонента в каждом образце. Показано, что наибольшей противотурбулентной эффективностью из исследованных агентов снижения гидродинамического сопротивления обладает нефтерастворимая присадка с численным значением “концентрации полуэффекта” CDRmax/2 = 0.0013 кг/м3. Разработаны рекомендации для оптимального использования противотурбулентных присадок в энергосберегающих технологиях транспорта нефти и нефтепродуктов.
Режим доступа: по договору с организацией-держателем ресурса
Sprache:Russisch
Veröffentlicht: 2015
Schlagworte:
Online-Zugang:http://elibrary.ru/item.asp?id=25657167
Format: MixedMaterials Elektronisch Buchkapitel
KOHA link:https://koha.lib.tpu.ru/cgi-bin/koha/opac-detail.pl?biblionumber=648060

MARC

LEADER 00000naa0a2200000 4500
001 648060
005 20250219120010.0
035 |a (RuTPU)RU\TPU\network\13217 
035 |a RU\TPU\network\11538 
090 |a 648060 
100 |a 20160506d2015 k||y0rusy50 ca 
101 0 |a rus 
102 |a RU 
135 |a drcn ---uucaa 
181 0 |a i  
182 0 |a b 
200 1 |a Сравнительное изучение действия противотурбулентных присадок для углеводородных жидкостей  |f К. Б. Коновалов [и др.] 
203 |a Текст  |c электронный 
300 |a Заглавие с экрана 
320 |a [Библиогр.: с. 42 (9 назв.)] 
330 |a Проведены гидродинамические и физико-химические исследования нефтерастворимых образцов противотурбулентных присадок коллоидной формы. Установлен компонентный состав дисперсионной среды и содержание активного компонента в каждом образце. Показано, что наибольшей противотурбулентной эффективностью из исследованных агентов снижения гидродинамического сопротивления обладает нефтерастворимая присадка с численным значением “концентрации полуэффекта” CDRmax/2 = 0.0013 кг/м3. Разработаны рекомендации для оптимального использования противотурбулентных присадок в энергосберегающих технологиях транспорта нефти и нефтепродуктов. 
333 |a Режим доступа: по договору с организацией-держателем ресурса 
461 |t Краткие сообщения по физике Физического института им. П. Н. Лебедева Российской Академии Наук  |d 1969- 
463 |t Т. 42, № 12  |v [С. 36-42]  |d 2015 
610 1 |a электронный ресурс 
610 1 |a труды учёных ТПУ 
610 1 |a турбулентные течения 
610 1 |a гидродинамическое сопротивление 
610 1 |a противотурбулентные присадки 
701 1 |a Коновалов  |b К. Б.  |g Константин Борисович 
701 1 |a Абдусалямов  |b М. В.  |g Артем Вячеславович 
701 1 |a Манжай  |b В. Н.  |c специалист в области нефтегазового дела  |c профессор Томского политехнического университета, доктор химических наук  |f 1954-  |g Владимир Николаевич  |3 (RuTPU)RU\TPU\pers\32820  |9 16677 
701 1 |a Трутнев  |b Ю. А.  |g Юрий Александрович 
701 1 |a Сачков  |b В. И.  |g Виктор Иванович 
701 1 |a Казарян  |b М. А.  |g Мишик Айразатович 
701 1 |a Сачков  |b В. И.  |g Виктор Иванович 
801 2 |a RU  |b 63413507  |c 20160506  |g RCR 
856 4 |u http://elibrary.ru/item.asp?id=25657167 
942 |c CF